000
00326nam a2200133Ia 4500
003
OSt
005
20240315150314.0
008
170523s9999 xx 000 0 und d
020
_a
978-0070655737
040
_c
IIMT UNIVERSITY
100
_a
Andrews- Sudhir
245
0
_a
TEXTBOOK Food and Beverage Management
942
_2
ddc
_c
02
999
_c
11501
_d
11501